[Event "FICGS rapid A 000290 email"]
[Site "FICGS email"]
[Date "2022.12.09"]
[Round "1"]
[White "Knittel, Martin"]
[Black "Faust, Dieter"]
[Result "0-1"]
[WhiteElo "1974"]
[BlackElo "1987"]
[PlyCount "42"]
[EventDate "2022.??.??"]
[EventType "tourn (rapid)"]
[EventRounds "6"]
[SourceTitle "Corr 2024"]
[Source "ChessBase"]
[SourceDate "2023.10.19"]
[SourceVersion "1"]
[SourceVersionDate "2023.10.19"]
[SourceQuality "1"]

1. e4 c5 2. Nf3 Nc6 3. d4 cxd4 4. Nxd4 e6 5. Nc3 Qc7 6. Be3 a6 7. Qd2 Nf6 8. f4 Bb4 9. Bd3 Na5 10. a3 Bxc3 11. Qxc3 Qxc3+ 12. bxc3 d5 13. e5 Ne4 14. Nb3 Nc4 15. Bd4 b5 16. Bxc4 dxc4 17. Na5 f5 18. exf6 gxf6 19. 0-0-0 Rg8 20. Rhe1 f5 21. Re3 Rxg2 0-1

[Event "FICGS rapid M 000125 email"]
[Site "FICGS email"]
[Date "2021.09.05"]
[Round "1"]
[White "Rodriguez Perez, Rene"]
[Black "Knittel, Martin"]
[Result "1-0"]
[WhiteElo "2122"]
[BlackElo "2174"]
[PlyCount "29"]
[EventDate "2021.??.??"]
[EventType "tourn (rapid)"]
[EventRounds "6"]
[SourceTitle "Corr 2024"]
[Source "ChessBase"]
[SourceDate "2023.10.19"]
[SourceVersion "1"]
[SourceVersionDate "2023.10.19"]
[SourceQuality "1"]

1. e4 e5 2. Nf3 Nc6 3. Bb5 Nf6 4. 0-0 Nxe4 5. d4 Nd6 6. Bxc6 dxc6 7. dxe5 Nf5 8. Qxd8+ Kxd8 9. Rd1+ Ke8 10. Nbd2 Be7 11. Ne4 Nh4 12. Nd4 Nf5 13. Ne2 a5 14. Bd2 a4 15. Rac1 1-0

[Event "FICGS W-ch st1 g09 email"]
[Site "FICGS email"]
[Date "2021.08.15"]
[Round "1"]
[White "Gounant, Stanislas"]
[Black "Knittel, Martin"]
[Result "1/2-1/2"]
[WhiteElo "2166"]
[BlackElo "2135"]
[PlyCount "39"]
[EventDate "2021.??.??"]
[EventType "tourn (corr)"]
[EventRounds "6"]
[SourceTitle "Corr 2024"]
[Source "ChessBase"]
[SourceDate "2023.10.19"]
[SourceVersion "1"]
[SourceVersionDate "2023.10.19"]
[SourceQuality "1"]

1. b3 e5 2. Bb2 Nc6 3. e3 Nf6 4. Nf3 e4 5. Nd4 Bc5 6. d3 Nxd4 7. exd4 Bb4+ 8. c3 Be7 9. dxe4 Nxe4 10. Bd3 d5 11. Nd2 Nxd2 12. Qxd2 0-0 13. Qc2 g6 14. 0-0 Bd6 15. Rae1 Bd7 16. Bc1 c6 17. Qd2 Qh4 18. Qh6 Qxh6 19. Bxh6 Rfc8 20. Re2 1/2-1/2

[Event "FICGS rapid M 000124 email"]
[Site "FICGS email"]
[Date "2021.05.27"]
[Round "1"]
[White "Duttagupta, Aniruddha"]
[Black "Knittel, Martin"]
[Result "1/2-1/2"]
[WhiteElo "2184"]
[BlackElo "2114"]
[PlyCount "37"]
[EventDate "2021.??.??"]
[EventType "tourn (rapid)"]
[EventRounds "6"]
[SourceTitle "Corr 2024"]
[Source "ChessBase"]
[SourceDate "2023.10.19"]
[SourceVersion "1"]
[SourceVersionDate "2023.10.19"]
[SourceQuality "1"]

1. d4 Nf6 2. Nf3 e6 3. Bg5 c5 4. e3 h6 5. Bh4 cxd4 6. exd4 Qb6 7. Qc1 Nc6 8. c3 d5 9. Bg3 Ne4 10. Bd3 f5 11. a4 Be7 12. Nbd2 0-0 13. Bf4 Bf6 14. 0-0 Bd7 15. h3 Be8 16. Bh2 Rc8 17. Bc2 Na5 18. Re1 Bh5 19. Bd1 1/2-1/2

[Event "FICGS rapid M 000124 email"]
[Site "FICGS email"]
[Date "2021.05.27"]
[Round "1"]
[White "Hallqvist, Niklas"]
[Black "Knittel, Martin"]
[Result "1/2-1/2"]
[WhiteElo "2174"]
[BlackElo "2114"]
[PlyCount "40"]
[EventDate "2021.??.??"]
[EventType "tourn (rapid)"]
[EventRounds "6"]
[SourceTitle "Corr 2024"]
[Source "ChessBase"]
[SourceDate "2023.10.19"]
[SourceVersion "1"]
[SourceVersionDate "2023.10.19"]
[SourceQuality "1"]

1. c4 e5 2. g3 Nf6 3. Bg2 Bc5 4. d3 Nc6 5. Nc3 0-0 6. Nf3 d5 7. cxd5 Nxd5 8. Nxd5 Qxd5 9. 0-0 Qd6 10. Bd2 Rd8 11. a3 Bb6 12. b4 Nd4 13. Nxd4 Bxd4 14. Rc1 c6 15. Rc2 Be6 16. Qb1 a6 17. Bc3 Bb6 18. a4 Bd5 19. Qb2 Bxg2 20. Kxg2 Re8 1/2-1/2

[Event "FICGS rapid M 000124 email"]
[Site "FICGS email"]
[Date "2021.05.27"]
[Round "1"]
[White "Knittel, Martin"]
[Black "Maceda, Coco"]
[Result "1/2-1/2"]
[WhiteElo "2114"]
[BlackElo "2187"]
[PlyCount "49"]
[EventDate "2021.??.??"]
[EventType "tourn (rapid)"]
[EventRounds "6"]
[SourceTitle "Corr 2024"]
[Source "ChessBase"]
[SourceDate "2023.10.19"]
[SourceVersion "1"]
[SourceVersionDate "2023.10.19"]
[SourceQuality "1"]

1. e4 e5 2. Nf3 Nc6 3. Bb5 Nf6 4. 0-0 Nxe4 5. d4 Nd6 6. Bxc6 dxc6 7. dxe5 Nf5 8. Qxd8+ Kxd8 9. h3 Ke8 10. Nc3 h5 11. Bf4 Be7 12. Rad1 Be6 13. Ng5 Rh6 14. Rfe1 Bb4 15. g4 hxg4 16. hxg4 Ne7 17. Nxe6 Rxe6 18. Kg2 Bxc3 19. bxc3 Rd8 20. Rxd8+ Kxd8 21. Rh1 Nd5 22. Kf3 f6 23. Rh7 g6 24. Rg7 Ke8 25. Rxg6 1/2-1/2

[Event "FICGS class A 000247 email"]
[Site "FICGS email"]
[Date "2021.05.13"]
[Round "1"]
[White "Dyson, John"]
[Black "Knittel, Martin"]
[Result "1-0"]
[WhiteElo "2113"]
[BlackElo "2114"]
[PlyCount "41"]
[EventDate "2021.??.??"]
[EventType "tourn (corr)"]
[EventRounds "6"]
[SourceTitle "Corr 2024"]
[Source "ChessBase"]
[SourceDate "2023.10.19"]
[SourceVersion "1"]
[SourceVersionDate "2023.10.19"]
[SourceQuality "1"]

1. Nf3 d5 2. g3 Nf6 3. Bg2 c5 4. c4 d4 5. 0-0 Nc6 6. a3 a5 7. e3 e5 8. d3 h6 9. exd4 exd4 10. Re1+ Be7 11. Bf4 0-0 12. Ne5 Nb8 13. b3 Bd6 14. Ra2 g5 15. Bc1 Bxe5 16. Rxe5 Qd6 17. Ree2 Nc6 18. h4 Bg4 19. hxg5 Bxe2 20. Rxe2 hxg5 21. Bxg5 1-0

[Event "FICGS class A 000247 email"]
[Site "FICGS email"]
[Date "2021.05.13"]
[Round "1"]
[White "Knittel, Martin"]
[Black "Osipov, Sergey"]
[Result "1/2-1/2"]
[WhiteElo "2114"]
[BlackElo "2159"]
[PlyCount "40"]
[EventDate "2021.??.??"]
[EventType "tourn (corr)"]
[EventRounds "6"]
[SourceTitle "Corr 2022"]
[Source "ChessBase"]
[SourceDate "2021.10.24"]
[SourceVersion "1"]
[SourceVersionDate "2021.10.24"]
[SourceQuality "1"]

1. Nf3 Nf6 2. c4 e6 3. g3 d5 4. Bg2 dxc4 5. Qa4+ Bd7 6. Qxc4 c5 7. Ne5 Qc8 8. Qd3 Nc6 9. Nxd7 Nxd7 10. b3 Be7 11. Bb2 0-0 12. Nc3 Nde5 13. Qe3 Qd7 14. f4 Ng4 15. Qf3 Rfd8 16. Rd1 f5 17. 0-0 Rab8 18. e3 Nb4 19. h3 Nf6 20. d4 Qc6 1/2-1/2

[Event "FICGS class A 000247 email"]
[Site "FICGS email"]
[Date "2021.05.13"]
[Round "1"]
[White "Pech, Jaroslav Sr"]
[Black "Knittel, Martin"]
[Result "1-0"]
[WhiteElo "2071"]
[BlackElo "2114"]
[PlyCount "39"]
[EventDate "2021.??.??"]
[EventType "tourn (corr)"]
[EventRounds "6"]
[SourceTitle "Corr 2024"]
[Source "ChessBase"]
[SourceDate "2023.10.19"]
[SourceVersion "1"]
[SourceVersionDate "2023.10.19"]
[SourceQuality "1"]

1. c4 e5 2. Nc3 Nf6 3. Nf3 Nc6 4. g3 Bb4 5. Bg2 0-0 6. 0-0 e4 7. Ne1 Bxc3 8. dxc3 h6 9. Nc2 d6 10. Ne3 Re8 11. Qc2 a5 12. a4 Ne5 13. Bxe4 Nxe4 14. Qxe4 Bh3 15. Re1 Re6 16. b3 c6 17. Rd1 Qe7 18. Qd4 f5 19. Ng2 Re8 20. Ba3 1-0

[Event "FICGS rapid A 000265 email"]
[Site "FICGS email"]
[Date "2021.01.23"]
[Round "1"]
[White "Knittel, Martin"]
[Black "Gossmann, Ewald J"]
[Result "1/2-1/2"]
[WhiteElo "1966"]
[BlackElo "2000"]
[PlyCount "178"]
[EventDate "2021.??.??"]
[EventType "tourn (rapid)"]
[EventRounds "6"]
[SourceTitle "Corr 2022"]
[Source "ChessBase"]
[SourceDate "2021.10.24"]
[SourceVersion "1"]
[SourceVersionDate "2021.10.24"]
[SourceQuality "1"]

1. e4 e5 2. Nf3 Nf6 3. Nxe5 d6 4. Nf3 Nxe4 5. d4 d5 6. Bd3 Be7 7. 0-0 Bf5 8. Re1 0-0 9. c4 Nc6 10. cxd5 Qxd5 11. Nc3 Nxc3 12. bxc3 Rae8 13. Bf4 Bxd3 14. Qxd3 Bd6 15. Ng5 f5 16. Bxd6 cxd6 17. h4 h6 18. Nh3 Re4 19. Qd2 Ne5 20. Nf4 Rxf4 21. Qxf4 Nd3 22. Qg3 Nxe1 23. Rxe1 Rf6 24. Re7 Rf7 25. Re2 Rf6 26. Re7 Rf7 27. Re8+ Rf8 28. Re2 Rf6 29. Qe3 Kh7 30. a4 Qc6 31. a5 Qa4 32. Qf3 Rf7 33. Re6 Qa1+ 34. Kh2 Qxa5 35. Qg3 Qd8 36. Rxd6 Qc7 37. Rd5 b6 38. Re5 a5 39. Qd3 a4 40. g3 Qd6 41. c4 Kh8 42. Qe3 Qc6 43. c5 bxc5 44. dxc5 Rf8 45. Re6 Qd5 46. Re7 Qc6 47. Qc3 Qf6 48. Qxf6 Rxf6 49. Ra7 Rc6 50. Rxa4 Rxc5 51. h5 Kg8 52. Ra7 Rb5 53. Kg2 Rd5 54. Kf3 Rb5 55. Re7 Ra5 56. Rb7 Rd5 57. Kf4 Ra5 58. Re7 Ra2 59. Kf3 Ra3+ 60. Kg2 Ra5 61. Kf3 Rb5 62. Kg2 Ra5 63. Rc7 Rb5 64. Kf3 Ra5 65. Rb7 Ra3+ 66. Kg2 Ra5 67. Rc7 Rb5 68. Kf3 Ra5 69. Rd7 Ra3+ 70. Kg2 Ra5 71. Rb7 Rc5 72. Ra7 Rb5 73. f4 Rb2+ 74. Kh3 Rb5 75. Rd7 Rc5 76. Rd8+ Kf7 77. Ra8 Rb5 78. Ra7+ Kf6 79. Ra6+ Kf7 80. Ra1 Kf6 81. Ra7 Rc5 82. Kg2 Rc2+ 83. Kh3 Rc5 84. Ra6+ Kf7 85. Ra8 Rb5 86. Ra7+ Kf6 87. Ra3 Rd5 88. Ra6+ Kf7 89. Ra7+ Kf6 1/2-1/2

[Event "OP-2021-0-05084"]
[Site "LSS email"]
[Date "2021.01.15"]
[Round "?"]
[White "Knittel, Martin"]
[Black "Gonzalez Castells, Jose Maria"]
[Result "0-1"]
[WhiteElo "1922"]
[BlackElo "1454"]
[PlyCount "26"]
[EventDate "2021.01.15"]
[EventType "tourn (corr)"]
[EventRounds "4"]
[EventCountry "GER"]
[SourceTitle "Corr 2024"]
[Source "ChessBase"]
[SourceDate "2023.10.19"]
[SourceVersion "1"]
[SourceVersionDate "2023.10.19"]
[SourceQuality "1"]

1. e4 d5 2. exd5 Nf6 3. Nf3 Qxd5 4. Nc3 Qd8 5. d4 e6 6. Bd3 c5 7. Bf4 cxd4 8. Nxd4 a6 9. Nf3 Nc6 10. Qe2 Bd6 11. Bg3 Be7 12. 0-0-0 Qa5 13. Kb1 0-0 0-1

[Event "FICGS W-ch st1 g02 email"]
[Site "FICGS email"]
[Date "2020.11.05"]
[Round "1"]
[White "Cirovic, Zeljko"]
[Black "Knittel, Martin"]
[Result "0-1"]
[WhiteElo "1532"]
[BlackElo "1949"]
[PlyCount "40"]
[EventDate "2020.??.??"]
[EventType "tourn (corr)"]
[EventRounds "8"]
[SourceTitle "Corr 2022"]
[Source "ChessBase"]
[SourceDate "2021.10.24"]
[SourceVersion "1"]
[SourceVersionDate "2021.10.24"]
[SourceQuality "1"]

1. e4 e5 2. Nf3 Nc6 3. Nc3 Nf6 4. d3 d5 5. exd5 Nxd5 6. Nxd5 Qxd5 7. Be3 Bf5 8. h3 0-0-0 9. Be2 e4 10. dxe4 Qxe4 11. Bd3 Bb4+ 12. Ke2 Qd5 13. a3 Be7 14. b4 Rhe8 15. Bxf5+ Qxf5 16. Qc1 Bf6 17. c3 Qd3+ 18. Ke1 Bxc3+ 19. Nd2 Nd4 20. Qxc3 Qe2# 0-1

[Event "FICGS class C 000331 email"]
[Site "FICGS email"]
[Date "2020.09.23"]
[Round "1"]
[White "Benone, Mateia"]
[Black "Knittel, Martin"]
[Result "0-1"]
[WhiteElo "1816"]
[BlackElo "1899"]
[PlyCount "20"]
[EventDate "2020.??.??"]
[EventType "tourn (corr)"]
[EventRounds "1"]
[SourceTitle "Corr 2022"]
[Source "ChessBase"]
[SourceDate "2021.10.24"]
[SourceVersion "1"]
[SourceVersionDate "2021.10.24"]
[SourceQuality "1"]

1. Nf3 d5 2. d4 Nf6 3. c4 e6 4. Nc3 dxc4 5. e4 Bb4 6. Qc2 b5 7. e5 Nd5 8. Bg5 Qd7 9. a4 a5 10. axb5 Qxb5 0-1

[Event "FICGS class C 000328 email"]
[Site "FICGS email"]
[Date "2020.07.19"]
[Round "1"]
[White "Duttagupta, Aniruddha"]
[Black "Knittel, Martin"]
[Result "1/2-1/2"]
[WhiteElo "2090"]
[BlackElo "1869"]
[PlyCount "49"]
[EventDate "2020.??.??"]
[EventType "tourn (corr)"]
[EventRounds "1"]
[SourceTitle "Corr 2022"]
[Source "ChessBase"]
[SourceDate "2021.10.24"]
[SourceVersion "1"]
[SourceVersionDate "2021.10.24"]
[SourceQuality "1"]

1. d4 Nf6 2. c4 e6 3. Nf3 d5 4. Nc3 dxc4 5. e4 Bb4 6. Bg5 c5 7. Bxc4 h6 8. Bxf6 Qxf6 9. e5 Qd8 10. 0-0 cxd4 11. Ne4 Nc6 12. Qe2 Be7 13. Rfd1 0-0 14. a3 b6 15. Bb5 Bb7 16. Bxc6 Bxc6 17. Nxd4 Bxe4 18. Qxe4 Qe8 19. b4 Rc8 20. b5 Bc5 21. Nc6 f6 22. g3 a6 23. a4 Ra8 24. bxa6 f5 25. Qf3 1/2-1/2

[Event "FICGS class C 000328 email"]
[Site "FICGS email"]
[Date "2020.07.19"]
[Round "1"]
[White "Mirra, Theodore"]
[Black "Knittel, Martin"]
[Result "1/2-1/2"]
[WhiteElo "2000"]
[BlackElo "1869"]
[PlyCount "45"]
[EventDate "2020.??.??"]
[EventType "tourn (corr)"]
[EventRounds "1"]
[SourceTitle "Corr 2022"]
[Source "ChessBase"]
[SourceDate "2021.10.24"]
[SourceVersion "1"]
[SourceVersionDate "2021.10.24"]
[SourceQuality "1"]

1. e4 e5 2. Nf3 Nc6 3. Bb5 Nf6 4. d3 Bc5 5. Bxc6 dxc6 6. 0-0 Bd6 7. Nbd2 Be6 8. d4 Nd7 9. Nxe5 Nxe5 10. dxe5 Bxe5 11. f4 Qd4+ 12. Kh1 Bd6 13. f5 Bd7 14. Qe2 0-0-0 15. Nf3 Qb4 16. e5 Rhe8 17. Bg5 f6 18. Bd2 Qg4 19. e6 Kb8 20. Ng1 Qh4 21. g4 Bc8 22. h3 h5 23. Be1 1/2-1/2

[Event "FICGS class C 000327 email"]
[Site "FICGS email"]
[Date "2020.07.07"]
[Round "1"]
[White "Knittel, Martin"]
[Black "Hendricks, Richard"]
[Result "1-0"]
[WhiteElo "1869"]
[BlackElo "1942"]
[PlyCount "61"]
[EventDate "2020.??.??"]
[EventType "tourn (corr)"]
[EventRounds "1"]
[SourceTitle "Corr 2022"]
[Source "ChessBase"]
[SourceDate "2021.10.24"]
[SourceVersion "1"]
[SourceVersionDate "2021.10.24"]
[SourceQuality "1"]

1. e4 c5 2. Nc3 a6 3. Nf3 d6 4. d4 cxd4 5. Nxd4 Nf6 6. Be3 e5 7. Nb3 Be6 8. f3 h5 9. Nd5 Bxd5 10. exd5 Nbd7 11. Qd2 g6 12. 0-0-0 Nb6 13. Kb1 Nfxd5 14. Bf2 Nf6 15. Bh4 Be7 16. Bxf6 Bxf6 17. Qxd6 Qxd6 18. Rxd6 Bd8 19. Rd1 Rb8 20. Bd3 Bc7 21. g4 Ke7 22. g5 Rhd8 23. Rhe1 Nd5 24. Be4 Nf4 25. Rxd8 Bxd8 26. Nc5 Ne6 27. Nxe6 Kxe6 28. h4 b5 29. Bd3 Bc7 30. c3 f5 31. a4 1-0